000 nam a22 ab4500
999 _c323136
_d323136
003 BLK
005 20180817143440.0
008 180817b bul||||| |||| 00| 0 bul d
020 _a978-3-473-38542-3
040 _aBLK
041 _aDEU
_cDEU
080 _aНемска литература
_b821.112.2
_x-93
_z821.112.2-93
100 _aNeudert, Cornelia
139 _bN 48
245 _aMonstergeschichten
_cCornelia Neudert, Ill. Betina Gotzen-Beek
260 _bRavensburger
_c2017
_aRavensburg
300 _a44 c.
_bс ил.
_c24 см.
380 _aDX
490 _9207168
_aLeserabe
_g1. Lesestufe
700 _9599
_aGotzen-Beek, Betina
_eил.
852 _cЧ5 830-93/N 48
942 _cKNG
_2udc
_n0
999 _d323136